| 000 | 01097cab a2200301 4500 | ||
|---|---|---|---|
| 001 | ABS47790 | ||
| 008 | 090401t xxu||||| |||| 00| 0 eng d | ||
| 035 | _a(Sirsi) u63416 | ||
| 041 | _aeng | ||
| 100 | _aJarman, N.R. | ||
| 245 | _aDevelopments in sound insulation over the last ten years | ||
| 260 | _c11(3) Winter 1992/93, 278-288 (11) | ||
| 350 | _a0 | ||
| 490 |
_aStructural Survey _v11(3) Winter 1992/93, 278-288 (11) |
||
| 520 | _aExplains how sound insulation is measured and factors, which affect the level of sound transmitted from one room to another. Discusses the exclusion of external noise for traditional masonry building and curtain walling systems, insulation between offices and homes and dealing with suspended ceilings. | ||
| 650 | _aCURTAIN WALLING | ||
| 650 | _aDUCTS | ||
| 650 | _aISO 140 | ||
| 650 |
_aMeasurement _96256 |
||
| 650 | _aNOISE | ||
| 650 | _aSOUND INSULATION | ||
| 650 | _aSOUND REDUCTION INDEX | ||
| 650 | _aSOUND | ||
| 650 | _aSUSPENDED CEILINGS | ||
| 690 | _aBUILT ENVIRONMENT-CONSTRUCTION DESIGN | ||
| 942 | _n0 | ||
| 948 | _c04/03/1997 | ||
| 999 |
_c39416 _d39416 |
||